[Event "World Amateur-ch U2000"]
[Site "Muscat"]
[Date "2023.11.04"]
[Round "3.5"]
[White "Celik, Berkay"]
[Black "Sham, R."]
[Result "0-1"]
[WhiteElo "1927"]
[BlackElo "1828"]
[PlyCount "64"]
[EventDate "2023.11.02"]
[EventType "swiss"]
[EventRounds "9"]
[EventCountry "OMN"]
[SourceTitle "CBM 217 Extra"]
[Source "ChessBase"]
[SourceDate "2024.01.31"]
[SourceVersion "1"]
[SourceVersionDate "2024.01.31"]
[SourceQuality "1"]

1. e4 c5 2. Nc3 a6 3. f4 b5 4. Nf3 Bb7 5. d3 g6 6. g3 Bg7 7. Bg2 e6 8. Qe2 Ne7 9. Be3 d6 10. 0-0 b4 11. Nd1 0-0 12. Nh4 Nbc6 13. c3 f5 14. g4 fxe4 15. dxe4 bxc3 16. bxc3 a5 17. Qd2 g5 18. fxg5 Rxf1+ 19. Bxf1 Ne5 20. Qg2 Qb6 21. h3 Rf8 22. Qc2 N7g6 23. Ng2 Nf3+ 24. Kh1 Nd4 25. Qd3 Bxe4 26. Qc4 d5 27. Qa6 Rxf1+ 28. Qxf1 Nh4 29. Kh2 Bxg2 30. Qd3 Qb8+ 31. Kg1 Qg3 32. cxd4 Nf3# 0-1

[Event "Udaipur Pandiyar op 8th"]
[Site "Udaipur"]
[Date "2023.10.19"]
[Round "9"]
[White "Sham, R."]
[Black "Prithvi, Sharma"]
[Result "0-1"]
[WhiteElo "1825"]
[BlackElo "1432"]
[PlyCount "134"]
[EventDate "2023.10.15"]
[EventType "swiss"]
[EventRounds "9"]
[EventCountry "IND"]
[SourceTitle "CBM 216 Extra"]
[Source "ChessBase"]
[SourceDate "2023.11.30"]
[SourceVersion "1"]
[SourceVersionDate "2023.11.30"]
[SourceQuality "1"]

1. e4 e5 2. Nc3 Bc5 3. Nf3 d6 4. Bc4 Nf6 5. a3 Nc6 6. d3 h6 7. h3 a6 8. Ba2 Ba7 9. Be3 Be6 10. Bxe6 fxe6 11. Bxa7 Nxa7 12. d4 exd4 13. Nxd4 e5 14. Nf5 Qd7 15. Qd3 0-0-0 16. 0-0-0 Nc6 17. g4 g6 18. Nxh6 Nxe4 19. Nxe4 Rxh6 20. Qg3 Nd4 21. Qe3 Rhh8 22. c3 Qc6 23. Ng5 Rdf8 24. Kb1 Nf3 25. Ne4 Rf4 26. Ng3 Rhf8 27. Ka1 Nh4 28. Rhf1 Ng2 29. Qa7 Kd7 30. Ne2 Rf3 31. Ng1 R3f4 32. Ne2 Rf3 33. Ng1 R3f4 34. f3 b6 35. Rf2 Ra8 36. Qxa8 Qxa8 37. Rxg2 b5 38. Re2 Ke6 39. h4 Rxf3 40. Nxf3 Qxf3 41. Rdd2 Qxg4 42. Rg2 Qxh4 43. Rxg6+ Kf5 44. Rdg2 e4 45. Rg7 e3 46. Rf7+ Ke4 47. Ka2 Kd3 48. Rf3 c5 49. Rgg3 Qe4 50. Rf1 d5 51. Re1 d4 52. cxd4 cxd4 53. Ka1 Kd2 54. Rgg1 e2 55. Ka2 d3 56. Ka1 Qf3 57. Rb1 Qf2 58. Ka2 e1Q 59. Rgxe1 Qxe1 60. Ka1 Qxb1+ 61. Kxb1 Ke2 62. b4 d2 63. Kb2 Kd3 64. Ka2 Kc2 65. a4 d1Q 66. a5 Qd4 67. Ka3 Qb2# 0-1

[Event "Udaipur Pandiyar op 8th"]
[Site "Udaipur"]
[Date "2023.10.18"]
[Round "8"]
[White "Sparsh, Yadav"]
[Black "Sham, R."]
[Result "0-1"]
[WhiteElo "1594"]
[BlackElo "1825"]
[PlyCount "52"]
[EventDate "2023.10.15"]
[EventType "swiss"]
[EventRounds "9"]
[EventCountry "IND"]
[SourceTitle "CBM 216 Extra"]
[Source "ChessBase"]
[SourceDate "2023.11.30"]
[SourceVersion "1"]
[SourceVersionDate "2023.11.30"]
[SourceQuality "1"]

1. e4 c5 2. Nf3 e6 3. c3 Nf6 4. e5 Nd5 5. c4 Nb4 6. a3 N4c6 7. b3 g5 8. h3 Bg7 9. d4 Nxd4 10. Nxg5 h6 11. Ne4 Bxe5 12. Nbc3 Qe7 13. f4 Bg7 14. Ra2 b6 15. Bd3 Bb7 16. 0-0 f5 17. Ng3 Nbc6 18. Nd5 Qh4 19. Qh5+ Qxh5 20. Nxh5 0-0 21. Nc7 Rac8 22. Nb5 Nxb5 23. cxb5 Bd4+ 24. Kh2 Na5 25. b4 Bd5 26. Re2 Nb3 0-1

[Event "Vrindavana MMT op"]
[Site "Mathura"]
[Date "2023.04.24"]
[Round "3"]
[White "Sham, R."]
[Black "Sharma, Harish1"]
[Result "1-0"]
[WhiteElo "1560"]
[BlackElo "2033"]
[PlyCount "121"]
[EventDate "2023.04.23"]
[EventType "swiss"]
[EventRounds "9"]
[EventCountry "IND"]
[SourceTitle "CBM 213 Extra"]
[Source "ChessBase"]
[SourceDate "2023.05.31"]
[SourceVersion "1"]
[SourceVersionDate "2023.05.31"]
[SourceQuality "1"]

1. e4 e6 2. Nf3 d5 3. Nc3 Nf6 4. d3 dxe4 5. Nxe4 Nxe4 6. dxe4 Qxd1+ 7. Kxd1 Bc5 8. Ke1 Nc6 9. c3 a6 10. Bf4 Bb6 11. Rd1 f6 12. e5 f5 13. Rg1 h6 14. h4 Kf7 15. g4 fxg4 16. Rxg4 Rd8 17. Bd3 Bd7 18. Ke2 Ne7 19. Rdg1 Rg8 20. Bh7 Bb5+ 21. Ke1 Nf5 22. Be3 Nxe3 23. fxe3 Bxe3 24. Bxg8+ Rxg8 25. R1g3 Bc1 26. Nd4 Bd7 27. b4 h5 28. Rf3+ Ke7 29. Rg1 Bh6 30. Rgf1 Be8 31. Rg3 Rh8 32. Rf2 Bf7 33. Nf3 Rc8 34. Ng5 Be8 35. Rf4 b5 36. c4 Rd8 37. Rc3 Bxg5 38. hxg5 bxc4 39. Rcxc4 c6 40. Rcd4 Ra8 41. Rf3 Rb8 42. Ra3 Rb6 43. Ra5 Bg6 44. Kf2 Bf5 45. Kg3 Bg6 46. a3 Be8 47. Kf4 Bg6 48. Rd6 Be8 49. Rc5 g6 50. Ra5 Bd7 51. Ke4 Kd8 52. Kd4 Kc7 53. Kc5 Bc8 54. Rd8 Rb5+ 55. Rxb5 Kxd8 56. Rb6 Bd7 57. Kd6 Bc8 58. Kc5 h4 59. Rxc6 Bb7 60. Rd6+ Kc7 61. Rd3 1-0